[Event "WCO 2016"]
[Site "?"]
[Date "2016.09.09"]
[Round "7"]
[Board "5"]
[WhiteID "6700080"]
[White "Hernandez Bera"]
[BlackID "13600168"]
[Black "Arakhamia-Grant Ketevan"]
[Result "0-1"]
[BlackElo "2381"]
[WhiteElo "1808"]
[LiveChessVersion "1.4.8"]

1. e4 {[%clk 1:30:58]} c5 {[%clk 1:30:52]} 2. Nf3 {[%clk 1:31:19]} e6
{[%clk 1:31:12]} 3. c3 {[%clk 1:30:09]} d5 {[%clk 1:31:15]} 4. Bd3
{[%clk 1:28:50]} dxe4 {[%clk 1:28:43]} 5. Bxe4 {[%clk 1:29:05]} Nf6
{[%clk 1:28:54]} 6. Bc2 {[%clk 1:28:53]} Nc6 {[%clk 1:18:52]} 7. Qe2
{[%clk 1:20:58]} Be7 {[%clk 1:18:53]} 8. O-O {[%clk 1:17:58]} O-O
{[%clk 1:18:11]} 9. Rd1 {[%clk 1:16:44]} Qc7 {[%clk 1:12:57]} 10. Na3
{[%clk 1:14:52]} a6 {[%clk 1:10:14]} 11. Nc4 {[%clk 1:10:20]} b5 {[%clk 1:09:53]}
12. Nce5 {[%clk 1:09:58]} Bb7 {[%clk 1:09:52]} 13. d4 {[%clk 1:08:20]} cxd4
{[%clk 1:09:09]} 14. Bf4 {[%clk 0:47:48]} Bd6 {[%clk 0:58:30]} 15. cxd4
{[%clk 0:47:31]} Nb4 {[%clk 0:57:57]} 16. Bb1 {[%clk 0:45:04]} Rac8
{[%clk 0:52:33]} 17. Rc1 {[%clk 0:42:05]} Qe7 {[%clk 0:25:34]} 18. a3
{[%clk 0:39:55]} Nbd5 {[%clk 0:25:29]} 19. Bg5 {[%clk 0:38:03]} h6
{[%clk 0:24:47]} 20. Bd2 {[%clk 0:38:02]} Rxc1+ {[%clk 0:22:13]} 21. Bxc1
{[%clk 0:38:22]} Rc8 {[%clk 0:22:37]} 22. Bd3 {[%clk 0:35:51]} Nh7
{[%clk 0:15:38]} 23. h3 {[%clk 0:33:09]} Nf8 {[%clk 0:15:14]} 24. Nh2
{[%clk 0:32:18]} f6 {[%clk 0:10:47]} 25. Ng6 {[%clk 0:31:17]} Nxg6
{[%clk 0:09:35]} 26. Bxg6 {[%clk 0:31:37]} f5 {[%clk 0:09:21]} 27. Bh5
{[%clk 0:29:34]} Rxc1+ {[%clk 0:06:03]} 28. Rxc1 {[%clk 0:29:39]} Nf4
{[%clk 0:06:26]} 29. Qd1 {[%clk 0:29:26]} Qg5 {[%clk 0:06:38]} 30. Bf3
{[%clk 0:29:02]} Nxg2 {[%clk 0:02:56]} 31. Ng4 {[%clk 0:17:35]} Bxf3
{[%clk 0:02:58]} 32. Rc8+ {[%clk 0:17:53]} Kh7 {[%clk 0:03:24]} 33. Qxf3
{[%clk 0:18:07]} Nf4 {[%clk 0:03:48]} 34. Kf1 {[%clk 0:16:55]} fxg4
{[%clk 0:02:59]} 35. hxg4 {[%clk 0:16:31]} Qg6 {[%clk 0:02:53]} 36. Qd1
{[%clk 0:15:00]} Qe4 {[%clk 0:00:48]} 37. f3 {[%clk 0:14:34]} Qd5
{[%clk 0:00:44]} 38. Qb1+ {[%clk 0:09:27]} Ng6 {[%clk 0:00:56]} 39. Qd3
{[%clk 0:09:17]} Qa2 {[%clk 0:00:44]} 40. Qe2 {[%clk 0:36:39]} Qb1+
{[%clk 0:30:54]} 41. Kf2 {[%clk 0:35:50]} Qh1 {[%clk 0:27:42]} 42. Ke3
{[%clk 0:31:59]} Qg1+ {[%clk 0:19:47]} 43. Kd2 {[%clk 0:30:36]} Qxd4+
{[%clk 0:18:14]} 44. Kc2 {[%clk 0:30:17]} Be5 {[%clk 0:13:26]} 45. Kb1
{[%clk 0:30:21]} Qd5 {[%clk 0:12:12]} 46. g5 {[%clk 0:29:23]} h5 {[%clk 0:08:12]}
47. Qf1 {[%clk 0:25:09]} Nf4 {[%clk 0:06:34]} 48. Rc2 {[%clk 0:23:50]} Bd4
{[%clk 0:05:06]} 49. Qd1 {[%clk 0:21:41]} Be3 {[%clk 0:04:14]} 50. g6+
{[%clk 0:19:30]} Kxg6 {[%clk 0:04:16]} 51. Qh1 {[%clk 0:19:49]} Qd3
{[%clk 0:04:01]} 52. Qh2 {[%clk 0:19:28]} Kh6 {[%clk 0:04:03]} 53. Ka1
{[%clk 0:19:49]} Qd1+ {[%clk 0:02:45]} 54. Ka2 {[%clk 0:19:51]} Qxf3
{[%clk 0:02:36]} 55. Rc3 {[%clk 0:19:33]} Ne2 {[%clk 0:01:46]} 56. Rc8
{[%clk 0:18:53]} Qd5+ {[%clk 0:00:47]} 57. Ka1 {[%clk 0:17:06]} Qd1+
{[%clk 0:01:04]} 58. Ka2 {[%clk 0:17:22]} Qd5+ {[%clk 0:01:30]} 59. Ka1
{[%clk 0:17:43]} Qd1+ {[%clk 0:01:57]} 60. Ka2 {[%clk 0:18:08]} Nc1+
{[%clk 0:02:13]} 61. Rxc1 {[%clk 0:18:21]} Qxc1 {[%clk 0:01:22]} 62. Qe5
{[%clk 0:18:41]} Qc4+ {[%clk 0:01:27]} 63. Kb1 {[%clk 0:18:37]} Bf4
{[%clk 0:01:25]} 64. Qe1 {[%clk 0:18:29]} Qc1+ {[%clk 0:00:41]} 0-1

[Event "WCO 2016"]
[Site "?"]
[Date "2016.09.09"]
[Round "7"]
[Board "6"]
[WhiteID "2400456"]
[White "Roy Ali"]
[BlackID "6704743"]
[Black "Herrera Marjorie"]
[Result "1-0"]
[BlackElo "1738"]
[WhiteElo "1894"]
[LiveChessVersion "1.4.8"]

1. Nf3 {[%clk 1:30:55]} Nf6 {[%clk 1:30:53]} 2. g3 {[%clk 1:31:18]} g6
{[%clk 1:31:17]} 3. Bg2 {[%clk 1:31:40]} Bg7 {[%clk 1:31:36]} 4. O-O
{[%clk 1:32:02]} O-O {[%clk 1:31:40]} 5. d3 {[%clk 1:32:09]} d6 {[%clk 1:31:36]}
6. e4 {[%clk 1:32:02]} e5 {[%clk 1:31:20]} 7. Nc3 {[%clk 1:22:51]} Nbd7
{[%clk 1:28:43]} 8. Nh4 {[%clk 1:16:31]} c6 {[%clk 1:25:48]} 9. Kh1
{[%clk 1:11:27]} Ne8 {[%clk 1:21:09]} 10. Qe1 {[%clk 1:06:58]} Nc7
{[%clk 1:08:33]} 11. f4 {[%clk 1:02:26]} Ne6 {[%clk 1:03:24]} 12. Ne2
{[%clk 0:56:32]} Qb6 {[%clk 0:58:16]} 13. f5 {[%clk 0:46:50]} Nd4
{[%clk 0:57:12]} 14. Nxd4 {[%clk 0:40:51]} Qxd4 {[%clk 0:54:07]} 15. Qf2
{[%clk 0:33:39]} Qxf2 {[%clk 0:47:12]} 16. Rxf2 {[%clk 0:34:05]} Nf6
{[%clk 0:47:23]} 17. h3 {[%clk 0:31:49]} Nh5 {[%clk 0:35:16]} 18. g4
{[%clk 0:23:54]} Nf4 {[%clk 0:34:23]} 19. g5 {[%clk 0:22:51]} Nxg2
{[%clk 0:29:57]} 20. Kxg2 {[%clk 0:22:37]} Re8 {[%clk 0:27:13]} 21. f6
{[%clk 0:19:18]} Bf8 {[%clk 0:27:36]} 22. Be3 {[%clk 0:18:08]} d5
{[%clk 0:25:14]} 23. Nf3 {[%clk 0:17:38]} b6 {[%clk 0:22:18]} 24. h4
{[%clk 0:17:00]} Bb7 {[%clk 0:22:14]} 25. h5 {[%clk 0:15:43]} c5 {[%clk 0:20:40]}
26. hxg6 {[%clk 0:14:53]} dxe4 {[%clk 0:18:20]} 27. gxh7+ {[%clk 0:11:48]} Kh8
{[%clk 0:17:43]} 28. dxe4 {[%clk 0:09:16]} Bxe4 {[%clk 0:17:58]} 29. Rh1
{[%clk 0:08:47]} Rad8 {[%clk 0:17:06]} 30. Rh4 {[%clk 0:05:54]} Bxh7
{[%clk 0:11:59]} 31. Kg3 {[%clk 0:03:59]} Rd4 {[%clk 0:09:11]} 32. Bxd4
{[%clk 0:02:46]} exd4 {[%clk 0:09:39]} 33. Rf1 {[%clk 0:02:53]} Bd6+
{[%clk 0:08:42]} 34. Kf2 {[%clk 0:02:49]} Re4 {[%clk 0:08:48]} 35. Rh3
{[%clk 0:02:29]} Bf4 {[%clk 0:06:28]} 36. Rfh1 {[%clk 0:02:36]} Be3+
{[%clk 0:06:44]} 37. Kf1 {[%clk 0:02:49]} 1-0

[Event "WCO 2016"]
[Site "?"]
[Date "2016.09.09"]
[Round "7"]
[Board "7"]
[WhiteID "6702945"]
[White "Garcia Mendez Alcira Guadalupe"]
[BlackID "2403501"]
[Black "Durno Joy"]
[Result "0-1"]
[BlackElo "1894"]
[WhiteElo "1815"]
[LiveChessVersion "1.4.8"]

1. e4 {[%clk 1:30:57]} c5 {[%clk 1:30:56]} 2. Nf3 {[%clk 1:31:12]} e6
{[%clk 1:31:21]} 3. d4 {[%clk 1:31:38]} cxd4 {[%clk 1:31:47]} 4. Nxd4
{[%clk 1:32:00]} Nf6 {[%clk 1:32:07]} 5. Nc3 {[%clk 1:32:25]} d6 {[%clk 1:32:32]}
6. Be2 {[%clk 1:32:12]} a6 {[%clk 1:32:13]} 7. Be3 {[%clk 1:30:11]} Be7
{[%clk 1:32:35]} 8. O-O {[%clk 1:24:45]} Nc6 {[%clk 1:32:50]} 9. f4
{[%clk 1:22:16]} Bd7 {[%clk 1:29:15]} 10. a4 {[%clk 1:09:09]} Qc7
{[%clk 1:25:58]} 11. Nb3 {[%clk 1:07:12]} O-O {[%clk 1:21:25]} 12. Qe1
{[%clk 1:03:06]} Nb4 {[%clk 1:19:31]} 13. Rc1 {[%clk 0:55:47]} Bc6
{[%clk 1:05:01]} 14. Nd4 {[%clk 0:50:14]} d5 {[%clk 0:55:43]} 15. e5
{[%clk 0:46:20]} Ne4 {[%clk 0:54:10]} 16. Nxe4 {[%clk 0:42:48]} dxe4
{[%clk 0:54:30]} 17. Qg3 {[%clk 0:39:17]} Bc5 {[%clk 0:50:37]} 18. f5
{[%clk 0:36:41]} exf5 {[%clk 0:48:55]} 19. Rxf5 {[%clk 0:25:38]} Nd5
{[%clk 0:38:17]} 20. Kh1 {[%clk 0:15:30]} Nxe3 {[%clk 0:38:10]} 21. Qxe3
{[%clk 0:15:59]} Qd7 {[%clk 0:36:19]} 22. e6 {[%clk 0:14:33]} Qxd4
{[%clk 0:32:46]} 23. exf7+ {[%clk 0:13:42]} Kh8 {[%clk 0:32:33]} 24. Qg5
{[%clk 0:08:44]} Ba7 {[%clk 0:31:21]} 25. Bh5 {[%clk 0:07:24]} Qe3
{[%clk 0:31:09]} 26. Rcf1 {[%clk 0:06:15]} Qxg5 {[%clk 0:31:09]} 27. Rxg5
{[%clk 0:06:44]} Rad8 {[%clk 0:29:51]} 28. c4 {[%clk 0:05:17]} Bxa4
{[%clk 0:26:17]} 29. Rg3 {[%clk 0:03:51]} Rd7 {[%clk 0:18:12]} 30. b4
{[%clk 0:03:28]} g6 {[%clk 0:13:54]} 31. Be2 {[%clk 0:01:15]} Rdxf7
{[%clk 0:13:59]} 32. Rxf7 {[%clk 0:01:26]} Rxf7 33. c5 Bb8 {[%clk 0:12:08]} 34.
Re3 {[%clk 0:02:24]} Bc6 {[%clk 0:12:09]} 35. Kg1 Be5 {[%clk 0:12:23]} 36. Bc4
{[%clk 0:02:22]} Rd7 {[%clk 0:11:48]} 37. Re1 {[%clk 0:02:51]} Bc3
{[%clk 0:11:40]} 38. Rf1 {[%clk 0:02:55]} Kg7 {[%clk 0:11:21]} 39. h3
{[%clk 0:03:07]} Bxb4 {[%clk 0:11:35]} 40. Rc1 {[%clk 0:32:20]} Bxc5+
{[%clk 0:41:41]} 41. Kf1 {[%clk 0:29:28]} Bb4 {[%clk 0:39:41]} 42. Bxa6
{[%clk 0:29:33]} Bd2 {[%clk 0:36:39]} 43. Rc2 {[%clk 0:29:51]} e3
{[%clk 0:35:44]} 44. Be2 {[%clk 0:30:13]} Rf7+ {[%clk 0:35:54]} 45. Kg1
{[%clk 0:30:36]} Re7 46. Rb2 Re8 {[%clk 0:29:58]} 47. Rb1 {[%clk 0:30:43]} Be4
{[%clk 0:29:53]} 48. Rf1 {[%clk 0:30:54]} Rc8 {[%clk 0:29:58]} 49. Rf4
{[%clk 0:31:04]} Rc1+ {[%clk 0:27:26]} 50. Kh2 {[%clk 0:31:11]} Bf5
{[%clk 0:26:11]} 51. Rf1 {[%clk 0:31:30]} Rxf1 {[%clk 0:26:16]} 52. Bxf1
{[%clk 0:31:59]} Bd7 {[%clk 0:26:33]} 53. Kg3 {[%clk 0:31:47]} b5
{[%clk 0:26:50]} 54. Bd3 {[%clk 0:31:59]} b4 {[%clk 0:27:14]} 55. Kf3
{[%clk 0:31:47]} Bc6+ {[%clk 0:27:26]} 56. Kg3 {[%clk 0:32:16]} b3
{[%clk 0:27:48]} 57. Kh2 {[%clk 0:31:39]} b2 {[%clk 0:28:03]} 0-1

[Event "WCO 2016"]
[Site "?"]
[Date "2016.09.09"]
[Round "7"]
[Board "8"]
[WhiteID "2404117"]
[White "Rutherford Kathleen"]
[BlackID "6702392"]
[Black "Ortez Andrea"]
[Result "1-0"]
[BlackElo "1756"]
[WhiteElo "1643"]
[LiveChessVersion "1.4.8"]

1. e4 {[%clk 1:30:59]} c5 {[%clk 1:30:53]} 2. Nc3 {[%clk 1:31:23]} d6
{[%clk 1:31:05]} 3. g3 {[%clk 1:31:37]} g6 {[%clk 1:31:07]} 4. Bg2
{[%clk 1:31:55]} Bg7 {[%clk 1:31:08]} 5. d3 {[%clk 1:31:57]} Nc6 {[%clk 1:30:24]}
6. Be3 {[%clk 1:28:22]} e6 {[%clk 1:29:12]} 7. f4 {[%clk 1:26:20]} Nge7
{[%clk 1:28:11]} 8. Nf3 {[%clk 1:24:49]} Rb8 {[%clk 1:26:45]} 9. Qd2
{[%clk 1:22:38]} O-O {[%clk 1:25:15]} 10. O-O {[%clk 1:18:30]} b5
{[%clk 1:23:53]} 11. e5 {[%clk 1:07:07]} Nf5 {[%clk 1:15:27]} 12. Bf2
{[%clk 1:02:05]} Nfd4 {[%clk 1:09:59]} 13. exd6 {[%clk 0:58:33]} b4
{[%clk 1:00:39]} 14. Ne4 {[%clk 0:56:12]} Nxf3+ {[%clk 0:54:33]} 15. Bxf3
{[%clk 0:56:33]} Nd4 {[%clk 0:54:04]} 16. Bg2 {[%clk 0:54:04]} f5
{[%clk 0:40:17]} 17. Nxc5 {[%clk 0:44:05]} Qxd6 {[%clk 0:40:35]} 18. Nb3
{[%clk 0:43:52]} Ba6 {[%clk 0:31:40]} 19. Nxd4 {[%clk 0:34:40]} Bxd4
{[%clk 0:32:07]} 20. Rab1 {[%clk 0:33:51]} e5 {[%clk 0:29:53]} 21. fxe5
{[%clk 0:31:03]} Qxe5 {[%clk 0:28:26]} 22. Rfe1 {[%clk 0:29:59]} Qf6
{[%clk 0:27:17]} 23. Bd5+ {[%clk 0:29:02]} Kh8 {[%clk 0:26:52]} 24. Re6
{[%clk 0:28:23]} Qg7 {[%clk 0:17:04]} 25. Rxa6 {[%clk 0:28:01]} 1-0

[Event "WCO 2016"]
[Site "?"]
[Date "2016.09.09"]
[Round "7"]
[Board "5"]
[WhiteID "3409414"]
[White "Abarca Gonzalez Damaris"]
[BlackID "602019"]
[Black "Lebel-Arias Julia"]
[Result "1-0"]
[BlackElo "1802"]
[WhiteElo "2092"]
[LiveChessVersion "1.4.8"]

1. e4 {[%clk 1:30:55]} g6 {[%clk 1:30:47]} 2. d4 {[%clk 1:31:19]} Bg7
{[%clk 1:31:11]} 3. Nc3 {[%clk 1:31:14]} d6 {[%clk 1:31:30]} 4. Nf3
{[%clk 1:31:30]} c6 {[%clk 1:31:41]} 5. Be2 {[%clk 1:29:44]} f6 {[%clk 1:31:42]}
6. a4 {[%clk 1:27:25]} Nh6 {[%clk 1:31:53]} 7. Bc4 {[%clk 1:21:57]} e6
{[%clk 1:32:08]} 8. O-O {[%clk 1:18:45]} Nf7 {[%clk 1:32:26]} 9. Re1
{[%clk 1:16:19]} O-O {[%clk 1:32:42]} 10. a5 {[%clk 1:13:15]} Qe7
{[%clk 1:32:53]} 11. Be3 {[%clk 1:12:33]} Nd7 {[%clk 1:31:22]} 12. Qd2
{[%clk 1:06:33]} Re8 {[%clk 1:31:32]} 13. Reb1 {[%clk 0:58:35]} a6
{[%clk 1:31:20]} 14. Na4 {[%clk 0:57:32]} d5 {[%clk 1:31:04]} 15. exd5
{[%clk 0:57:26]} exd5 {[%clk 1:30:43]} 16. Bd3 {[%clk 0:57:23]} Nd6
{[%clk 1:29:01]} 17. Re1 {[%clk 0:49:59]} Ne4 {[%clk 1:28:58]} 18. Qc1
{[%clk 0:49:57]} Qd8 {[%clk 1:27:29]} 19. Bd2 {[%clk 0:47:39]} f5
{[%clk 1:23:31]} 20. Bb4 {[%clk 0:41:06]} Bf8 {[%clk 1:19:27]} 21. Bxf8
{[%clk 0:40:01]} Rxf8 {[%clk 1:19:27]} 22. Qh6 {[%clk 0:34:20]} Ndf6
{[%clk 1:17:02]} 23. Ne5 {[%clk 0:30:33]} Ng4 {[%clk 1:16:34]} 24. Nxg4
{[%clk 0:30:36]} fxg4 {[%clk 1:16:15]} 25. Bxe4 {[%clk 0:27:01]} dxe4
{[%clk 1:16:21]} 26. Nb6 {[%clk 0:24:39]} Rb8 {[%clk 1:16:29]} 27. Nxc8
{[%clk 0:23:06]} Rxc8 {[%clk 1:16:42]} 28. Rxe4 {[%clk 0:23:23]} Qf6
{[%clk 1:16:50]} 29. Qe3 {[%clk 0:23:27]} Qf5 {[%clk 1:13:38]} 30. Re7
{[%clk 0:18:11]} Rf7 {[%clk 1:13:32]} 31. Rxf7 {[%clk 0:18:26]} Qxf7
{[%clk 1:13:08]} 32. Re1 {[%clk 0:18:28]} Rf8 {[%clk 1:11:11]} 33. Qe6
{[%clk 0:17:48]} Qxe6 {[%clk 1:11:01]} 34. Rxe6 {[%clk 0:18:16]} Kf7
{[%clk 1:09:25]} 35. Re4 {[%clk 0:18:34]} h5 {[%clk 1:09:18]} 36. Kf1
{[%clk 0:18:54]} Rd8 {[%clk 1:09:17]} 37. c4 {[%clk 0:18:38]} Kf6
{[%clk 1:07:52]} 38. Ke2 {[%clk 0:18:52]} Rd7 {[%clk 1:05:03]} 39. Ke3
{[%clk 0:18:08]} g5 {[%clk 1:05:18]} 40. Re5 {[%clk 0:48:21]} h4 {[%clk 1:34:57]}
41. Ke4 {[%clk 0:43:44]} Rd6 {[%clk 1:33:54]} 42. b4 {[%clk 0:41:40]} Rd7
{[%clk 1:33:27]} 43. Ke3 {[%clk 0:37:23]} Kg6 {[%clk 1:32:36]} 44. d5
{[%clk 0:32:36]} cxd5 {[%clk 1:32:12]} 45. cxd5 {[%clk 0:33:00]} Kf6
{[%clk 1:29:55]} 46. Kd4 {[%clk 0:31:59]} Rd6 {[%clk 1:29:43]} 47. Re4
{[%clk 0:32:00]} Kf5 {[%clk 1:21:27]} 48. Re7 {[%clk 0:32:11]} b5
{[%clk 1:20:31]} 49. Rf7+ {[%clk 0:32:06]} Kg6 {[%clk 1:20:29]} 50. Rb7
{[%clk 0:31:26]} Rd8 {[%clk 1:19:02]} 51. Rb6+ {[%clk 0:31:30]} Kf5
{[%clk 1:18:51]} 52. Rxa6 {[%clk 0:31:04]} Re8 {[%clk 1:18:49]} 53. Re6
{[%clk 0:29:30]} Rc8 {[%clk 1:19:07]} 54. Rc6 {[%clk 0:29:59]} Re8
{[%clk 1:19:18]} 55. Rc2 {[%clk 0:30:01]} Kf4 {[%clk 1:19:00]} 56. d6
{[%clk 0:29:30]} 1-0

[Event "WCO 2016"]
[Site "?"]
[Date "2016.09.09"]
[Round "7"]
[Board "6"]
[WhiteID "5400384"]
[White "Lomandong Noela-Joyce "]
[BlackID "3405494"]
[Black "Jorquera Cabello Valentina"]
[Result "1/2-1/2"]
[BlackElo "2019"]
[WhiteElo "1763"]
[LiveChessVersion "1.4.8"]

1. Nf3 {[%clk 1:30:58]} Nf6 {[%clk 1:30:53]} 2. c4 {[%clk 1:31:23]} g6
{[%clk 1:31:16]} 3. g3 {[%clk 1:31:38]} Bg7 {[%clk 1:31:37]} 4. Bg2
{[%clk 1:32:02]} d6 {[%clk 1:31:48]} 5. d4 {[%clk 1:31:21]} O-O {[%clk 1:31:04]}
6. Nc3 {[%clk 1:31:12]} Nbd7 {[%clk 1:22:17]} 7. Rb1 {[%clk 1:19:07]} e5
{[%clk 1:14:52]} 8. h4 {[%clk 1:15:31]} Re8 {[%clk 1:10:34]} 9. dxe5
{[%clk 1:08:52]} dxe5 {[%clk 1:10:21]} 10. Ng5 {[%clk 1:08:37]} Nc5
{[%clk 0:39:54]} 11. Qxd8 {[%clk 1:07:08]} Rxd8 {[%clk 0:40:22]} 12. Nd5
{[%clk 1:05:29]} c6 {[%clk 0:39:59]} 13. Ne7+ {[%clk 1:05:09]} Kf8
{[%clk 0:37:39]} 14. Nxc8 {[%clk 1:05:14]} Raxc8 {[%clk 0:38:06]} 15. Be3
{[%clk 1:05:12]} Ncd7 {[%clk 0:37:23]} 16. O-O {[%clk 0:54:29]} h6
{[%clk 0:35:38]} 17. Ne4 {[%clk 0:54:35]} Nxe4 {[%clk 0:35:45]} 18. Bxe4
{[%clk 0:55:03]} f5 {[%clk 0:34:27]} 19. Bg2 {[%clk 0:54:43]} b6 {[%clk 0:32:52]}
20. Rfd1 {[%clk 0:49:44]} e4 {[%clk 0:25:17]} 21. b3 {[%clk 0:40:17]} Ne5
{[%clk 0:22:32]} 22. c5 {[%clk 0:34:06]} b5 {[%clk 0:14:45]} 23. Rd6
{[%clk 0:34:00]} Rxd6 {[%clk 0:14:40]} 24. cxd6 {[%clk 0:34:28]} Ke8
{[%clk 0:14:21]} 25. Bh3 {[%clk 0:21:04]} Rd8 {[%clk 0:05:45]} 26. Rd1
{[%clk 0:21:01]} Nf7 {[%clk 0:05:51]} 27. Bxa7 {[%clk 0:15:58]} Rxd6
{[%clk 0:04:21]} 28. Rxd6 {[%clk 0:16:27]} Nxd6 {[%clk 0:04:50]} 29. g4
{[%clk 0:15:20]} fxg4 {[%clk 0:03:12]} 30. Bxg4 {[%clk 0:15:48]} h5
{[%clk 0:03:32]} 31. Bh3 {[%clk 0:15:36]} Bf6 {[%clk 0:01:21]} 32. Bb8
{[%clk 0:15:25]} Nf5 {[%clk 0:00:34]} 33. Bg2 {[%clk 0:15:07]} Kd7
{[%clk 0:00:47]} 34. Bxe4 {[%clk 0:14:41]} Bxh4 {[%clk 0:00:32]} 35. Bd3
{[%clk 0:13:00]} Ne7 {[%clk 0:00:35]} 36. e4 {[%clk 0:10:18]} b4 {[%clk 0:00:47]}
37. Ba7 {[%clk 0:05:53]} Bg5 {[%clk 0:00:35]} 38. Bc5 {[%clk 0:05:56]} Bd2
{[%clk 0:01:02]} 39. Bc4 {[%clk 0:04:43]} g5 {[%clk 0:01:08]} 40. Bf7
{[%clk 0:30:57]} h4 {[%clk 0:31:22]} 41. Bh5 {[%clk 0:29:14]} Bc3
{[%clk 0:21:20]} 42. Bg4+ {[%clk 0:28:29]} Ke8 {[%clk 0:21:28]} 43. Be3
{[%clk 0:28:42]} Bf6 {[%clk 0:20:28]} 44. Bd2 {[%clk 0:24:17]} c5
{[%clk 0:17:27]} 45. Be3 {[%clk 0:24:18]} Nc6 {[%clk 0:17:19]} 46. Bxc5
{[%clk 0:21:58]} Be7 {[%clk 0:17:28]} 47. Bh5+ {[%clk 0:19:35]} Kd8
{[%clk 0:13:26]} 48. Be3 {[%clk 0:17:55]} Ne5 {[%clk 0:13:41]} 49. f4
{[%clk 0:17:27]} gxf4 {[%clk 0:13:36]} 50. Bxf4 {[%clk 0:17:48]} Nd3
{[%clk 0:12:13]} 51. Be3 {[%clk 0:14:26]} Bc5 {[%clk 0:10:09]} 52. Bxc5
{[%clk 0:14:36]} Nxc5 {[%clk 0:10:38]} 53. Kg2 {[%clk 0:10:30]} Nxe4
{[%clk 0:08:15]} 54. Kh3 {[%clk 0:10:52]} Ke7 {[%clk 0:07:54]} 55. Kxh4
{[%clk 0:05:11]} Kd6 {[%clk 0:07:33]} 56. Bg6 {[%clk 0:04:33]} Nc3
{[%clk 0:07:49]} 57. Kg3 {[%clk 0:03:51]} Ke5 {[%clk 0:07:33]} 58. Kf2
{[%clk 0:04:00]} Kd4 {[%clk 0:06:39]} 59. Ke1 {[%clk 0:04:03]} Ke3
{[%clk 0:04:20]} 60. Bh7 {[%clk 0:04:03]} Nxa2 {[%clk 0:04:14]} 61. Kd1
{[%clk 0:04:23]} Nc3+ {[%clk 0:04:32]} 62. Kc2 {[%clk 0:04:37]} Ne2
{[%clk 0:04:39]} 63. Bg8 {[%clk 0:04:01]} Nd4+ {[%clk 0:05:06]} 64. Kb2
{[%clk 0:04:21]} Kd2 {[%clk 0:05:02]} 65. Bh7 {[%clk 0:03:33]} Ne2
{[%clk 0:05:15]} 66. Bg8 {[%clk 0:03:35]} Nc3 {[%clk 0:05:14]} 67. Bf7
{[%clk 0:02:34]} Nd1+ {[%clk 0:05:21]} 68. Ka2 {[%clk 0:02:42]} Kc3
{[%clk 0:05:02]} 69. Bg8 {[%clk 0:02:31]} Ne3 {[%clk 0:04:40]} 70. Bf7
{[%clk 0:02:40]} Nf5 {[%clk 0:04:53]} 71. Bg8 {[%clk 0:02:50]} Ng3
{[%clk 0:04:57]} 72. Bf7 {[%clk 0:03:14]} Ne2 {[%clk 0:05:23]} 73. Bg8
{[%clk 0:03:31]} Nc1+ {[%clk 0:05:24]} 74. Ka1 {[%clk 0:03:26]} Nxb3+
{[%clk 0:04:01]} 75. Ka2 {[%clk 0:03:01]} Nd2 {[%clk 0:04:22]} 76. Bf7
{[%clk 0:02:57]} Kc2 {[%clk 0:03:17]} 77. Bg8 {[%clk 0:03:15]} Nf3
{[%clk 0:02:33]} 78. Bf7 {[%clk 0:02:54]} Ne5 {[%clk 0:02:52]} 79. Bg8
{[%clk 0:03:19]} Kc3 {[%clk 0:02:32]} 80. Be6 {[%clk 0:03:28]} Nc6
{[%clk 0:01:11]} 81. Bg8 {[%clk 0:03:44]} Na5 {[%clk 0:00:55]} 82. Bf7
{[%clk 0:04:08]} Nb7 {[%clk 0:01:13]} 83. Bg8 {[%clk 0:04:29]} Nd6
{[%clk 0:01:40]} 84. Be6 {[%clk 0:04:47]} Nc4 {[%clk 0:02:09]} 85. Bxc4
{[%clk 0:04:57]} Kxc4 {[%clk 0:02:37]} 86. Kb2 {[%clk 0:05:19]} Kd4
{[%clk 0:02:31]} 87. Kb3 {[%clk 0:05:21]} Kc5 {[%clk 0:03:00]} 88. Ka2
{[%clk 0:05:08]} Kb5 {[%clk 0:02:50]} 89. Kb3 {[%clk 0:05:27]} Ka5
{[%clk 0:03:15]} 90. Ka2 {[%clk 0:05:17]} Kb6 {[%clk 0:03:27]} 91. Kb3
{[%clk 0:05:38]} Kb5 {[%clk 0:03:47]} 92. Ka2 {[%clk 0:05:43]} Kc4
{[%clk 0:04:14]} 93. Kb2 {[%clk 0:06:08]} b3 {[%clk 0:04:38]} 94. Kb1
{[%clk 0:06:21]} Kb4 {[%clk 0:03:53]} 95. Kb2 {[%clk 0:06:43]} Ka4
{[%clk 0:04:17]} 96. Kb1 {[%clk 0:07:01]} Kb5 {[%clk 0:04:43]} 97. Ka1
{[%clk 0:06:13]} Ka4 {[%clk 0:04:20]} 98. Kb1 {[%clk 0:06:33]} Ka3
{[%clk 0:04:37]} 99. Ka1 {[%clk 0:06:57]} b2+ {[%clk 0:05:00]} 100. Kb1
{[%clk 0:07:26]} Kb3 {[%clk 0:05:24]} 1/2-1/2

[Event "WCO 2016"]
[Site "?"]
[Date "2016.09.09"]
[Round "7"]
[Board "7"]
[WhiteID "3408205"]
[White "Fuentes Inzunza Lesly"]
[BlackID "5400740"]
[Black "Berezovska Svetlana "]
[Result "1-0"]
[BlackElo "1794"]
[WhiteElo "1840"]
[LiveChessVersion "1.4.8"]

1. d4 {[%clk 1:30:56]} Nf6 {[%clk 1:30:47]} 2. Nf3 {[%clk 1:31:16]} e6
{[%clk 1:30:56]} 3. Bf4 {[%clk 1:31:38]} b5 {[%clk 1:27:50]} 4. e3
{[%clk 1:29:59]} a6 {[%clk 1:27:47]} 5. Bd3 {[%clk 1:29:15]} Bb7 {[%clk 1:27:03]}
6. O-O {[%clk 1:29:10]} Be7 {[%clk 1:26:25]} 7. c4 {[%clk 1:28:31]} b4
{[%clk 1:22:58]} 8. Nbd2 {[%clk 1:21:49]} O-O {[%clk 1:18:06]} 9. h3
{[%clk 1:18:56]} d6 {[%clk 1:16:18]} 10. a3 {[%clk 1:12:48]} Nbd7
{[%clk 0:55:52]} 11. Bh2 {[%clk 1:00:32]} c5 {[%clk 0:48:52]} 12. axb4
{[%clk 0:59:10]} cxb4 {[%clk 0:48:54]} 13. b3 {[%clk 0:58:34]} a5
{[%clk 0:46:26]} 14. Ng5 {[%clk 0:51:02]} Re8 {[%clk 0:41:39]} 15. f4
{[%clk 0:36:46]} Qb6 {[%clk 0:30:22]} 16. Qe2 {[%clk 0:26:11]} Bf8
{[%clk 0:20:41]} 17. Kh1 {[%clk 0:17:49]} e5 {[%clk 0:18:51]} 18. fxe5
{[%clk 0:17:27]} dxe5 {[%clk 0:19:02]} 19. d5 {[%clk 0:12:27]} Nc5
{[%clk 0:12:44]} 20. Nge4 {[%clk 0:07:53]} Nfxe4 {[%clk 0:12:02]} 21. Bxe4
{[%clk 0:07:56]} Qc7 {[%clk 0:04:54]} 22. Rf2 {[%clk 0:07:00]} Bd6
{[%clk 0:04:21]} 23. Raf1 {[%clk 0:06:46]} Rf8 {[%clk 0:04:01]} 24. Bc2
{[%clk 0:06:26]} a4 {[%clk 0:03:43]} 25. bxa4 {[%clk 0:06:17]} Nxa4
{[%clk 0:03:38]} 26. Qd3 {[%clk 0:06:14]} g6 {[%clk 0:03:20]} 27. Bxa4
{[%clk 0:05:18]} Rxa4 {[%clk 0:03:41]} 28. Ne4 {[%clk 0:05:00]} Ra3
{[%clk 0:02:58]} 29. Qe2 {[%clk 0:04:22]} f5 {[%clk 0:02:28]} 30. Ng5
{[%clk 0:03:52]} Bc8 {[%clk 0:02:40]} 31. e4 {[%clk 0:03:27]} f4 {[%clk 0:02:05]}
32. g3 {[%clk 0:02:15]} fxg3 {[%clk 0:02:14]} 33. Bxg3 {[%clk 0:01:37]} Rxg3
{[%clk 0:02:25]} 34. Rxf8+ {[%clk 0:02:00]} Bxf8 {[%clk 0:02:47]} 35. Rxf8+
{[%clk 0:02:22]} Kxf8 {[%clk 0:02:34]} 36. Qf2+ {[%clk 0:02:43]} Kg7
{[%clk 0:02:43]} 37. Qxg3 {[%clk 0:03:07]} Qe7 {[%clk 0:01:51]} 38. Nf3
{[%clk 0:02:55]} b3 {[%clk 0:01:13]} 39. Nd2 {[%clk 0:02:21]} b2 {[%clk 0:00:38]}
40. Qc3 {[%clk 0:32:05]} Qf6 {[%clk 0:30:54]} 41. Qxb2 {[%clk 0:30:57]} Bxh3
{[%clk 0:25:06]} 42. Qc3 {[%clk 0:30:27]} Bd7 {[%clk 0:22:07]} 43. Qg3
{[%clk 0:29:34]} Qf4 {[%clk 0:15:06]} 44. Qxf4 {[%clk 0:27:09]} exf4
{[%clk 0:15:30]} 45. c5 {[%clk 0:23:25]} Kf6 {[%clk 0:13:58]} 46. c6
{[%clk 0:19:19]} Bc8 {[%clk 0:13:01]} 47. Kg2 {[%clk 0:18:36]} g5
{[%clk 0:10:11]} 48. Kf3 {[%clk 0:18:35]} h5 {[%clk 0:09:45]} 49. d6
{[%clk 0:12:58]} Ke6 {[%clk 0:05:08]} 50. e5 {[%clk 0:12:25]} Kf7
{[%clk 0:01:05]} 51. d7 {[%clk 0:11:58]} Bxd7 {[%clk 0:01:15]} 52. cxd7
{[%clk 0:12:20]} Ke7 {[%clk 0:01:40]} 53. e6 {[%clk 0:12:42]} Kd8
{[%clk 0:01:57]} 54. Ne4 {[%clk 0:13:01]} 1-0